Statistiken für Alle Singvögel der Kosmos-Vogelführer App

Klicken Sie hier um das Quiz zu spielen!

Allgemein

  • Dieses Quiz wurde 23 mal gespielt
  • Das Durchschnittsergebnis liegt bei 108 aus 345

Antwortstatistiken

ArtengruppeAmmerArt% Korrekt
DrosselAmsel
94%
MeiseBlaumeise
88%
RabenvogelElster
82%
DrosselSingdrossel
82%
Star-/PirolStar
82%
FinkBuchfink
76%
LercheFeldlerche
76%
AmmerGoldammer
76%
SperlingHaussperling
76%
KleiberKleiber
76%
MeiseKohlmeise
76%
RabenvogelKolkrabe
76%
SchwalbeMehlschwalbe
76%
GrasmückeMönchsgrasmücke
76%
Star-/PirolPirol
76%
FliegenschnäpperRotkehlchen
76%
Wasseramseln, Zaunkönige u.aZaunkönig
76%
StelzeBachstelze
71%
RabenvogelEichelhäher
71%
SperlingFeldsperling
71%
LercheHaubenlerche
71%
BraunelleHeckenbraunelle
71%
RabenvogelRabenkrähe
71%
SchwalbeRauchschwalbe
71%
"Meise"Schwanzmeise
71%
Seidenschwanz und SeidenwürgerSeidenschwanz
71%
Seidenschwanz und SeidenwürgerSeidenwürger
71%
GoldhähnchenSommergoldhähnchen
71%
SchnäpperTrauerschnäpper
71%
Mauer-/BaumläuferWaldbaumläufer
71%
Wasseramseln, Zaunkönige u.a.Wasseramsel
71%
PieperWiesenpieper
71%
GoldhähnchenWintergoldhähnchen
71%
FinkBergfink
65%
RabenvogelDohle
65%
Mauer-/BaumläuferGartenbaumläufer
65%
StelzeGebirgsstelze
65%
FinkGrünfink
65%
RabenvogelNebelkrähe
65%
WürgerRaubwürger
65%
MeiseTannenmeise
65%
PieperBaumpieper
59%
FliegenschnäpperBraunkehlchen
59%
SchwirlFeldschwirl
59%
MeiseHaubenmeise
59%
Mauer-/BaumläuferMauerläufer
59%
WürgerNeuntöter
59%
RabenvogelSaatkrähe
59%
FliegenschnäpperSchwarzkehlchen
59%
SchmätzerSteinschmätzer
59%
MeiseSumpfmeise
59%
RabenvogelTannenhäher
59%
RohrsängerTeichrohrsänger
59%
DrosselWacholderdrossel
59%
LaubsängerZilpzalp
59%
FliegenschnäpperBlaukehlchen
53%
LaubsängerFitis
53%
GrasmückeGartengrasmücke
53%
FinkGimpel
53%
SchnäpperGrauschnäpper
53%
SchnäpperHalsbandschnäpper
53%
LercheHeidelerche
53%
DrosselMisteldrossel
53%
Star-/PirolRosenstar
53%
DrosselRotdrossel
53%
StelzeSchafstelze
53%
SperlingSchneesperling
53%
LaubsängerWaldlaubsänger
53%
MeiseWeidenmeise
53%
BraunelleAlpenbraunelle
47%
"Meise"Bartmeise
47%
PieperBergpieper
47%
FinkBirkenzeisig
47%
RabenvogelBlauelster
47%
FinkFichtenkreuzschnabel
47%
LaubsängerGelbbrauen-Laubsänger
47%
SpötterGelbspötter
47%
LaubsängerGoldhähnchen-Laubsänger
47%
LaubsängerGrünlaubsänger
47%
FliegenschnäpperHausrotschwanz
47%
WürgerIsabellwürger
47%
NektarvogelJerichonektarvogel
47%
LercheKalanderlerche
47%
FinkKernbeißer
47%
SpötterOrpheusspötter
47%
FliegenschnäpperPallasschwarzkehlchen
47%
SchwirlRohrschwirl
47%
PieperRotkehlpieper
47%
RohrsängerSchilfrohrsänger
47%
SchwirlSchlagschwirl
47%
AmmerSchneeammer
47%
SperlingSteinsperling
47%
PieperStrandpieper
47%
RohrsängerSumpfrohrsänger
47%
SchwalbeUferschwalbe
47%
RabenvogelUnglückshäher
47%
PieperWaldpieper
47%
RabenvogelWüstenrabe
47%
AmmerZaunammer
47%
StelzeZitronenstelze
47%
SchnäpperZwergschnäpper
47%
RabenvogelAlpendohle
41%
FinkBerghänfling
41%
"Meise"Beutelmeise
41%
FinkBluthänfling
41%
PieperBrachpieper
41%
GrasmückeDorngrasmücke
41%
RohrsängerDrosselrohrsänger
41%
SchwalbeFelsenschwalbe
41%
AmmerGrauammer
41%
GrasmückeKlappergrasmücke
41%
LercheKnackerlerche
41%
LercheKurzzehenlerche
41%
WürgerMittelmeer-Raubwürger
41%
LercheOhrenlerche
41%
PieperPetschorapieper
41%
AmmerRohrammer
41%
SchwalbeRötelschwalbe
41%
WürgerRotkopfwürger
41%
SchmätzerSaharasteinschmätzer
41%
WürgerSchwarzstirnwürger
41%
GrasmückeSperbergrasmücke
41%
LercheTheklalerche
41%
LaubsängerTienschan-Laubsänger
41%
SchmätzerTrauersteinschmätzer
41%
Star-/PirolTristramstar
41%
LercheWüstenläuferlerche
41%
AmmerZippammer
41%
RabenvogelAlpenkrähe
35%
LercheBergkalanderlerche
35%
LaubsängerBerglaubsänger
35%
FinkBindenkreuzschnabel
35%
Star-/PirolEinfarbstar
35%
RabenvogelElsterdohle
35%
DrosselErddrossel
35%
FinkErlenzeisig
35%
KleiberFelsenkleiber
35%
AmmerFichtenammer
35%
FliegenschnäpperGartenrotschwanz
35%
FinkGirlitz
35%
SchnäpperHalbringschnäpper
35%
SperlingItaliensperling
35%
FinkKiefernkreuzschnabel
35%
MeiseLapplandmeise
35%
MeiseLasurmeise
35%
SchmätzerMittelmeer-Steinschmätzer
35%
FliegenschnäpperNachtigall
35%
GrasmückeOrpheusgrasmücke
35%
FinkPolarbirkenzeisig
35%
DrosselRingdrossel
35%
LercheSaharaohrenlerche
35%
LercheSandlerche
35%
PieperSpornpieper
35%
LercheSteinlerche
35%
FinkStieglitz
35%
PrinieStreifenprinie
35%
AmmerWaldammer
35%
Nordamerik. VogelWanderdrossel
35%
SperlingWeidensperling
35%
BraunelleBergbraunelle
29%
SpötterBlassspötter
29%
BülbülGraubülbül
29%
AmmerGrauortolan
29%
FinkHakengimpel
29%
LaubsängerIberienzilpzalp
29%
FinkKarmingimpel
29%
GrasmückeMaskengrasmücke
29%
SchmätzerNonnensteinschmätzer
29%
AmmerOrtolan
29%
GrasmückeSamtkopf-Grasmücke
29%
SchmätzerSchwarzrücken-Steinschmätzer
29%
RohrsängerSeggenrohrsänger
29%
SchmätzerSteinrötel
29%
SchwalbeSteinschwalbe
29%
SchwirlStrichelschwirl
29%
LercheStummellerche
29%
LaubsängerTaigazilpzalp
29%
AmmerTürkenammer
29%
KleiberTürkenkleiber
29%
MeiseUltramarinmeise
29%
LaubsängerWanderlaubsänger
29%
PrinieWüstenprinie
29%
SchmätzerWüstensteinschmätzer
29%
GrasmückeBalkan-Bartgrasmücke
24%
LaubsängerBalkanlaubsänger
24%
MeiseBalkanmeise
24%
FliegenschnäpperBlauschwanz
24%
RabenvogelBorstenrabe
24%
SchwalbeBraunkehl-Uferschwalbe
24%
SchnäpperBraunschnäpper
24%
RohrsängerBuschrohrsänger
24%
FliegenschnäpperDiademrotschwanz
24%
LaubsängerDunkellaubsänger
24%
AmmerHausammer
24%
GrasmückeIberien-Bartgrasmücke
24%
SchmätzerIsabellsteinschmätzer
24%
LaubsängerKanarenzilpzalp
24%
LercheKleine Feldlerche
24%
KleiberKlippenkleiber
24%
KleiberKorsenkleiber
24%
WürgerMaskenwürger
24%
LaubsängerMiddendorff-Laubsänger
24%
SperlingMoabsperling
24%
FliegenschnäpperRiesenrotschwanz
24%
SchmätzerSchwarzschwanz
24%
AmmerSpornammer
24%
SchwirlStreifenschwirl
24%
DrosselWeißbrauendrossel
24%
FinkWüstengimpel
24%
FinkZitronenzeisig
24%
AmmerZwergammer
24%
SchmätzerBlaumerle
18%
AmmerBraunkopfammer
18%
WürgerBraunwürger
18%
SpötterBuschspötter
18%
Nordamerik. VogelDachsammer
18%
LercheEinödlerche
18%
SchmätzerFahlbürzel-Steinschmätzer
18%
RohrsängerFeldrohrsänger
18%
BülbülGelbsteißbülbül
18%
RabenvogelGlanzkrähe
18%
Star-/PirolHirtenmaina
18%
KleiberKabylenkleiber
18%
AmmerKappenammer
18%
GoldhähnchenMadeiragoldhähnchen
18%
Nordamerik. VogelMeisenwaldsänger
18%
LercheMohrenlerche
18%
SpötterOlivenspötter
18%
AmmerPallasammer
18%
GrasmückeProvencegrasmücke
18%
SchmätzerRostbürzel-Steinschmätzer
18%
DrosselRostflügeldrossel
18%
Nordamerik. VogelRotaugenvireo
18%
DrosselRotkehldrossel
18%
FliegenschnäpperRubinkehlchen
18%
DrosselSchwarzkehldrossel
18%
RohrsängerSeidensänger
18%
AmmerSteinortolan
18%
BülbülWeißohrbülbül
18%
SperlingWüstensperling
18%
PrinieZistensänger
18%
Nordamerik. VogelZwergmusendrossel
18%
SchnäpperAtlasschnäpper
12%
GrasmückeBalearengrasmücke
12%
FinkBerggimpel
12%
LercheDupontlerche
12%
FinkEinödgimpel
12%
AmmerGelbbrauenammer
12%
FliegenschnäpperHeckensänger
12%
Nordamerik. VogelIndigofink
12%
SpötterIsabellspötter
12%
FinkKanarengirlitz
12%
PieperKanarenpieper
12%
SchmätzerKappensteinschmätzer
12%
Nordamerik. VogelKletterwaldsänger
12%
Nordamerik. VogelKronwaldsänger
12%
RohrsängerMariskenrohrsänger
12%
FinkMongolengimpel
12%
PieperPazifikpieper
12%
FinkRotstirngirlitz
12%
GrasmückeSardengrasmücke
12%
WürgerSchachwürger
12%
DrosselSchieferdrossel
12%
FinkSchottischer Kreuzschnabel
12%
FliegenschnäpperSprosser
12%
BraunelleSteinbraunelle
12%
SpötterSteppenspötter
12%
SchnäpperTaigaschnäpper
12%
FinkTeidefink
12%
AmmerWeidenammer
12%
FinkWeißflügelgimpel
12%
AmmerWüstenammer
12%
GrasmückeWüstengrasmücke
12%
FinkZederngirlitz
12%
Nordamerik. VogelAbendkernbeißer
6%
TimalieAkaziendrossling
6%
GrasmückeAkaziengrasmücke
6%
GrasmückeAtlasgrasmücke
6%
Nordamerik. VogelBaltimoretrupial
6%
LaubsängerBartlaubsänger
6%
Nordamerik. VogelBobolink
6%
GrasmückeBrillengrasmücke
6%
RohrsängerDickschnabel-Rohrsänger
6%
Nordamerik. VogelDrosselwaldsänger
6%
Nordamerik. VogelEinsiedler-Musendrossel
6%
SperlingFahlsperling
6%
SchmätzerFelsensteinschmätzer
6%
SperlingGelbkehlsperling
6%
TimalieGraudrossling
6%
FliegenschnäpperKanarenschmätzer
6%
Wasseramseln, Zaunkönige u.aKatzenvogel
6%
FinkKorsenzeisig
6%
PieperLangschnabelpieper
6%
AmmerMaskenammer
6%
FinkMeisengimpel
6%
FliegenschnäpperMohrenschwarzkehlchen
6%
Nordamerik. VogelPieperwaldsänger
6%
TimalieRieddrossling
6%
AmmerRötelammer
6%
WürgerRotschwanzwürger
6%
GrasmückeSaharagrasmücke
6%
Nordamerik. VogelSchnäpperwaldsänger
6%
GrasmückeSchuppengrasmücke
6%
BraunelleSchwarzkehlbraunelle
6%
SchmätzerSeebohmsteinschmätzer
6%
Nordamerik. VogelSingammer
6%
RohrsängerStentorrohrsänger
6%
PieperSteppenpieper
6%
GrasmückeTamariskengrasmücke
6%
LercheWeißflügellerche
6%
FliegenschnäpperWeißkehlsänger
6%
SchmätzerZypernsteinschmätzer
6%
RohrsängerBasrarohrsänger
0%
SchmätzerBerbersteinschmätzer
0%
Nordamerik. VogelBrauenwaldsänger
0%
SpötterDornspötter
0%
FinkDreifarbnonne
0%
NektarvogelErznektarvogel
0%
SchwalbeFahlstirnschwalbe
0%
Nordamerik. VogelGoldwaldsänger
0%
Nordamerik. VogelGrauwangen-Musendrossel
0%
FinkIndiensilberschnabel
0%
SchmätzerKaukasussteinschmätzer
0%
LaubsängerKaukasuszilpzalp
0%
SperlingManyarweber
0%
GrasmückeMoltoni-Bartgrasmücke
0%
GrasmückeNachtigallengrasmücke
0%
Nordamerik. VogelRosenbrust-Kernknacker
0%
DrosselRostschwanzdrossel
0%
FinkRotflügelgimpel
0%
FliegenschnäpperRußheckensänger
0%
Nordamerik. VogelScharlachkardinal
0%
SperlingSchwarzkopfweber
0%
FinkSenegalamarant
0%
WürgerSenegalschagra
0%
Nordamerik. VogelStreifenwaldsänger
0%
SperlingTahaweber
0%
FinkTüpfelastrild
0%
LaubsängerWacholderlaubsänger
0%
Nordamerik. VogelWeidengelbkehlchen
0%
Nordamerik. VogelWeidenmusendrossel
0%
Nordamerik. VogelWeißkehlammer
0%
LercheWeißstirnlerche
0%
FinkWellenastrild
0%
Nordamerik. VogelWinterammer
0%

Verteilung der Resultate

Perzentil nach korrekt beantworteten Fragen

Anzahl Personen mit jedem Resultat

Ihre Resultats-Entwicklung

Sie haben dieses Quiz noch nicht gespielt